书目信息 |
| 题名: |
实变函数与泛函分析教程
|
|
| 作者: | 张学莲 编 | |
| 分册: | ||
| 出版信息: | 北京 北京理工大学出版社 1990.03 |
|
| 页数: | 312页 | |
| 开本: | 19cm | |
| 丛书名: | ||
| 单 册: | ||
| 中图分类: | O174.1 , O177 | |
| 科图分类: | ||
| 主题词: | 实变函数 , 泛函分析 | |
| 电子资源: | ||
| ISBN: | 7-81013-309-8 | |
| 000 | 00700nam0 2200253 45 | |
| 001 | 0180005118 | |
| 005 | 20040920111227.7 | |
| 010 | @dCNY2.20@a7-81013-309-8 | |
| 100 | @a19950512d1990 em y0chiy0121 ea | |
| 101 | 0 | @achi |
| 102 | @aCN@b110000 | |
| 105 | @ay z 000yy | |
| 106 | @ar | |
| 200 | 10 | @a实变函数与泛函分析教程@AShi Bian Han Shu Yu Fan Han Fen Xi Jiao Cheng@f张学莲编@FZhang Xue Lian Bian |
| 210 | @d1990.03@a北京@c北京理工大学出版社 | |
| 215 | @a312页@d19cm | |
| 606 | @a实变函数 | |
| 606 | @a泛函分析 | |
| 690 | @aO174.1@v3 | |
| 690 | @aO177@v3 | |
| 701 | 0 | @a张学莲@4编 |
| 801 | 0 | @aCN@b上海图书馆@c20040520 |
| 801 | 2 | @aCN@bNLC@c20040520 |
| 905 | @dO174.1@e91@f1@b231417 | |
| 实变函数与泛函分析教程/张学莲编.-1990.03;北京:北京理工大学出版社 |
| 312页;19cm |
| ISBN 7-81013-309-8:CNY2.20 |
| ● |
| 相关链接 |
|
|
|
|
正题名:实变函数与泛函分析教程
索取号:O174.1/91
 
预约/预借
| 序号 | 登录号 | 条形码 | 馆藏地/架位号 | 状态 | 备注 |
| 1 | 0231417 | 001960578 | 第三借阅区/ [索取号:O174.1/91] | 在馆 | |
| 2 | 0231418 | 000423447 | 第二样本阅览室/ [索取号:O174.1/91] | 在馆 |